| 000 | 00383nam a2200097Ia 4500 | ||
|---|---|---|---|
| 008 | 180130s9999 xx 000 0 und d | ||
| 245 |
_cBauman, Avi _aRites and games for creating sacred holy space |
||
| 260 | _c2014 | ||
| 300 | _aBook title: Play : psychoanalytic perspectives, survival and human development--Acession number C18636; pages 65-74 | ||
| 650 | _aPLAY--PSYCHOLOGICAL ASPECTS | ||
| 999 |
_c354505 _d354505 |
||